| 000 | 01151nam0a22002771 4500 | ||
|---|---|---|---|
| 001 | rc\2770861 | ||
| 005 | 20250805160813.4 | ||
| 035 | _a(NLR Aleph) 006897240 | ||
| 090 |
_a7209785 _c7209785 |
||
| 100 | _a20110915d1941 |||y0rusy50 ca | ||
| 101 | 0 | _arus | |
| 102 | _aRU | ||
| 105 | _aa j ||||| | ||
| 200 | 1 |
_aУчебник русского языка _eДля 4 класса нерус. нач. школы Карело-Фин. ССР _eУтв. НКП К-ФССР _fА. Г. Бонч-Осмоловская, З. П. Ошевенская |
|
| 205 | _a4-е изд. | ||
| 210 |
_aПетрозаводск _cГосиздат Карело-Фин. ССР _d1941 _eЛенинград |
||
| 215 |
_a238 с. _cил. _d22 см. |
||
| 700 | 1 |
_aБонч-Осмоловская _bА. Г. _f1890-1980 _gАлександра Георгиевна _3RU\NLR\AUTH\770292979 |
|
| 701 | 1 |
_aОшевенская _bЗ. П. _gЗинаида Петровна |
|
| 801 | 0 |
_aRU _bNLR _gpsbo |
|
| 801 | 1 |
_aRU _bELAR _2rusmarc |
|
| 852 |
_aNLR _jЯ60 Г-5/135 |
||
| 942 | _cBOOK | ||
| 945 | _aРоссийская национальная библиотека | ||
| 980 | _aNB | ||
| 980 | _aBV | ||